000 00311nam a22001337a 4500
008 170524b xxu||||| |||| 00| 0 eng d
020 _a3540551557
041 _aGER
080 _a621.3
100 _a26
101 _aIM
245 _aMODELLLBILDUNG, SIMULATION UN IDENTIFIKATION
_cMOLLER, D
942 _2udc
_cBK
999 _c14099
_d14099